Norwich City Squad 2021-2022 - Statistics

General Stats
  • This quiz has been taken 169 times
    119 since last reset
  • The average score is 16 of 30
Answer Stats
# Position Nation Player % Correct
22 FW Finland Teemu Pukki
92%
1 GK Netherlands Tim Krul
92%
24 FW United States Josh Sargent
76%
5 DF Scotland Grant Hanley
75%
2 DF England Max Aarons
75%
17 FW Kosovo Milot Rashica
75%
- Coach Germany Daniel Farke
63%
15 DF Turkey Ozan Kabak
62%
14 MF England Todd Cantwell
59%
- Coach England Dean Smith
58%
18 FW Greece Christos Tzolis
57%
4 DF England Ben Gibson
55%
8 MF Scotland Billy Gilmour
55%
20 MF France Pierre Lees-Melou
55%
21 DF England Brandon Williams
54%
16 MF Norway Mathias Normann
54%
23 MF Scotland Kenny McLean
53%
28 GK England Angus Gunn
47%
30 DF Greece Dimitrios Giannoulis
47%
11 FW Poland Przemysław Płacheta
47%
7 MF Germany Lukas Rupp
46%
35 FW Ireland Adam Idah
45%
44 DF Ireland Andrew Omobamidele
42%
6 DF Germany Christoph Zimmermann
42%
33 GK Northern Ireland Michael McGovern
41%
10 MF England Kieran Dowell
39%
3 DF England Sam Byram
33%
19 MF Denmark Jacob Lungi Sørensen
32%
46 FW England Jonathan Rowe
30%
26 DF England Bali Mumba
17%
No matching quizzes found
Score Distribution
Percent of People with Each Score
Percentile by Number Answered
Your Score History
You have not taken this quiz since the last reset